[Event "Cesky Krumlov op 2nd"]
[Site "Cesky Krumlov"]
[Date "2008.10.18"]
[Round "9"]
[White "Hlavnicka, Jan"]
[Black "Kapoun, Milan"]
[Result "0-1"]
[WhiteElo "1949"]
[BlackElo "1835"]
[PlyCount "66"]
[EventDate "2008.10.11"]
[EventType "swiss"]
[EventRounds "9"]
[EventCountry "CZE"]
[SourceTitle "CBM 126 Extra"]
[Source "ChessBase"]
[SourceDate "2008.11.05"]
[SourceVersion "1"]
[SourceVersionDate "2008.11.05"]
[SourceQuality "1"]

1. e4 e5 2. Nf3 Nc6 3. Bc4 Bc5 4. c3 Nf6 5. d4 exd4 6. 0-0 d6 7. cxd4 Bb6 8. d5 Ne5 9. Nxe5 dxe5 10. Bg5 h6 11. Bh4 0-0 12. Nc3 a6 13. Kh1 Qd6 14. Qe2 Bg4 15. f3 Bh5 16. Rad1 Bg6 17. Be1 Rfe8 18. a3 Ba7 19. Bf2 Bxf2 20. Qxf2 b5 21. Ba2 b4 22. axb4 Qxb4 23. Rc1 Rab8 24. Rc2 Rb7 25. Rfc1 Reb8 26. Nd1 Ne8 27. Bc4 Qd6 28. Qe2 Rb6 29. Ra1 Ra8 30. b3 c6 31. dxc6 Rxc6 32. Bd5 Rxc2 33. Qxc2 Qxd5 0-1

[Event "Ricany op-A"]
[Site "Ricany"]
[Date "2008.08.29"]
[Round "8"]
[White "Hlavnicka, Jan"]
[Black "Hadzala, Daniel"]
[Result "0-1"]
[WhiteElo "1954"]
[BlackElo "2099"]
[PlyCount "68"]
[EventDate "2008.08.23"]
[EventType "swiss"]
[EventRounds "9"]
[EventCountry "CZE"]
[SourceTitle "CBM 126 Extra"]
[Source "ChessBase"]
[SourceDate "2008.11.05"]
[SourceVersion "1"]
[SourceVersionDate "2008.11.05"]
[SourceQuality "1"]

1. e4 e6 2. d4 d5 3. Nd2 Nf6 4. e5 Nfd7 5. c3 c5 6. Ndf3 Nc6 7. Bd3 cxd4 8. cxd4 Be7 9. Ne2 Nb6 10. 0-0 Bd7 11. a3 a5 12. b3 Rc8 13. Bb2 a4 14. b4 Na7 15. Nc3 0-0 16. h3 Qe8 17. Qe2 Nc4 18. Bc1 Nxe5 19. dxe5 Rxc3 20. Rd1 Bb5 21. Nd4 Rxd3 22. Rxd3 Bxd3 23. Qxd3 Qd7 24. Qg3 Rc8 25. Bh6 Bf8 26. Ne2 Nc6 27. Re1 Nxe5 28. Qxe5 gxh6 29. Nf4 Qc7 30. Qf6 Bg7 31. Qh4 Qd8 32. Qg3 Qg5 33. Qf3 Rc3 34. Re3 d4 0-1

[Event "Ricany op-A"]
[Site "Ricany"]
[Date "2008.08.24"]
[Round "3"]
[White "Hlavnicka, Jan"]
[Black "Groh, Jiri"]
[Result "0-1"]
[WhiteElo "1954"]
[BlackElo "2186"]
[PlyCount "38"]
[EventDate "2008.08.23"]
[EventType "swiss"]
[EventRounds "9"]
[EventCountry "CZE"]
[SourceTitle "CBM 126 Extra"]
[Source "ChessBase"]
[SourceDate "2008.11.05"]
[SourceVersion "1"]
[SourceVersionDate "2008.11.05"]
[SourceQuality "1"]

1. e4 c5 2. Nf3 Nc6 3. d4 cxd4 4. Nxd4 Nf6 5. Nc3 g6 6. Be3 Bg7 7. f3 0-0 8. Qd2 d5 9. exd5 Nb4 10. Bc4 Nbxd5 11. Bg5 Nxc3 12. Qxc3 Nd5 13. Qb3 Nb6 14. 0-0-0 Bxd4 15. Bh6 e5 16. Kb1 Nxc4 17. Qxc4 Be6 18. Qb4 Re8 19. c3 Qb6 0-1

[Event "Cesky Krumlov op 1st"]
[Site "Cesky Krumlov"]
[Date "2007.10.16"]
[Round "5"]
[White "Hlavnicka, Jan"]
[Black "Rosko, Lubos"]
[Result "0-1"]
[WhiteElo "1988"]
[BlackElo "2232"]
[PlyCount "68"]
[EventDate "2007.10.13"]
[EventType "swiss"]
[EventRounds "9"]
[EventCountry "CZE"]
[SourceTitle "EXT 2008"]
[Source "ChessBase"]
[SourceDate "2007.11.25"]
[SourceVersion "1"]
[SourceVersionDate "2007.11.25"]
[SourceQuality "1"]

1. e4 c5 2. Nf3 d6 3. d4 cxd4 4. Nxd4 Nf6 5. Nc3 a6 6. a4 e5 7. Nf3 Qc7 8. Be2 b6 9. 0-0 Be7 10. Re1 0-0 11. Be3 Bb7 12. Nd5 Nxd5 13. exd5 Nd7 14. Rc1 Nf6 15. c4 a5 16. Nd2 Nd7 17. f4 f5 18. Nf3 Rae8 19. Qd2 Nc5 20. Qc2 Bc8 21. Rcd1 Bd7 22. b3 Kh8 23. Bf1 h6 24. Kh1 Bf6 25. Bc1 Qd8 26. Re2 g5 27. g3 Qe7 28. Ne1 Qf7 29. Nd3 Ne4 30. Nf2 Qh5 31. Nxe4 fxe4 32. Ree1 gxf4 33. Qxe4 Bg4 34. Bd3 Bf3+ 0-1

[Event "Klatovy op-A"]
[Site "Klatovy"]
[Date "2007.07.04"]
[Round "5"]
[White "Boleslav, Petr"]
[Black "Hlavnicka, Jan"]
[Result "0-1"]
[WhiteElo "2103"]
[BlackElo "1996"]
[PlyCount "32"]
[EventDate "2007.06.30"]
[EventType "swiss"]
[EventRounds "9"]
[EventCountry "CZE"]
[SourceTitle "CBM 119 Extra"]
[Source "ChessBase"]
[SourceDate "2007.09.04"]
[SourceVersion "1"]
[SourceVersionDate "2007.09.04"]
[SourceQuality "1"]

1. e4 e5 2. Nf3 Nc6 3. Bb5 d6 4. d4 exd4 5. Nxd4 Bd7 6. Bxc6 bxc6 7. 0-0 Nf6 8. Re1 Be7 9. e5 dxe5 10. Rxe5 0-0 11. Bg5 Bg4 12. Qd3 Qd7 13. f3 c5 14. Nf5 Bxf5 15. Qxd7 Nxd7 16. Bxe7 Nxe5 0-1

[Event "Prague ProMoPro op"]
[Site "Prague"]
[Date "2005.09.21"]
[Round "7"]
[White "Petr, Jan"]
[Black "Hlavnicka, Jan"]
[Result "1-0"]
[WhiteElo "2196"]
[BlackElo "2021"]
[PlyCount "73"]
[EventDate "2005.09.15"]
[EventType "swiss"]
[EventRounds "9"]
[EventCountry "CZE"]
[SourceTitle "CBM 108 Extra"]
[Source "ChessBase"]
[SourceDate "2005.11.04"]
[SourceVersion "1"]
[SourceVersionDate "2005.11.04"]
[SourceQuality "1"]

1. e4 g6 2. d4 Bg7 3. Be3 d6 4. Nc3 Nf6 5. f3 b6 6. Qd2 Bb7 7. g4 h5 8. gxh5 Nxh5 9. Bg2 Nc6 10. Nge2 e5 11. 0-0-0 Qd7 12. d5 Ne7 13. Kb1 f5 14. f4 0-0-0 15. h4 Kb8 16. a3 Nf6 17. Qe1 fxe4 18. fxe5 Nfxd5 19. Nxd5 Nxd5 20. Bg5 Rde8 21. c4 Ne7 22. exd6 cxd6 23. Nf4 Qf5 24. Qb4 Nc8 25. Bh3 Qf7 26. Bxc8 Rxc8 27. Qxd6+ Ka8 28. Qxg6 Qxg6 29. Nxg6 Rhe8 30. Rhe1 Rxc4 31. Rd7 Bd4 32. b3 Bc8 33. bxc4 Bxd7 34. Rd1 Bf5 35. Ne7 Bh7 36. Rxd4 e3+ 37. Kc1 1-0

[Event "Prague ProMoPro op"]
[Site "Prague"]
[Date "2005.09.15"]
[Round "1"]
[White "Hlavnicka, Jan"]
[Black "Vedral, Oldrich"]
[Result "0-1"]
[WhiteElo "2021"]
[BlackElo "2252"]
[PlyCount "84"]
[EventDate "2005.09.15"]
[EventType "swiss"]
[EventRounds "9"]
[EventCountry "CZE"]
[SourceTitle "CBM 108 Extra"]
[Source "ChessBase"]
[SourceDate "2005.11.04"]
[SourceVersion "1"]
[SourceVersionDate "2005.11.04"]
[SourceQuality "1"]

1. b3 Nf6 2. Bb2 g6 3. Nf3 Bg7 4. c4 0-0 5. g3 c5 6. Bg2 Nc6 7. 0-0 d6 8. Re1 Rb8 9. d4 cxd4 10. Nxd4 Nxd4 11. Bxd4 Qa5 12. Bc3 Qh5 13. Qd4 b6 14. Na3 Bh3 15. Bf3 Qf5 16. Rad1 a6 17. Qd3 Qc5 18. Nc2 Nd7 19. Bxg7 Kxg7 20. Qc3+ Ne5 21. Rd5 Qc8 22. Qb2 f6 23. Bh1 Bd7 24. Rd2 Qc7 25. Nb4 Bc8 26. Qa3 Kf7 27. Red1 a5 28. Nd5 Qc5 29. Qb2 Bb7 30. Ne3 Bxh1 31. Kxh1 h5 32. Rd5 Qc6 33. Kg1 Kg7 34. Nc2 Qc8 35. Nd4 h4 36. Kg2 Rh8 37. Rh1 hxg3 38. fxg3 Qh3+ 39. Kg1 Rh5 40. Nf3 Rbh8 41. Nxe5 fxe5 42. e4 Qxg3+ 0-1

[Event "Klatovy op-A"]
[Site "Klatovy"]
[Date "2005.07.06"]
[Round "5"]
[White "Hlavnicka, Jan"]
[Black "Palkova, Hana"]
[Result "0-1"]
[WhiteElo "2021"]
[BlackElo "2020"]
[PlyCount "84"]
[EventDate "2005.07.02"]
[EventType "swiss"]
[EventRounds "9"]
[EventCountry "CZE"]
[SourceTitle "CBM 107 Extra"]
[Source "ChessBase"]
[SourceDate "2005.09.01"]
[SourceVersion "1"]
[SourceVersionDate "2005.09.01"]
[SourceQuality "1"]

1. e4 c5 2. Nf3 e6 3. d4 cxd4 4. Nxd4 a6 5. Nc3 Qc7 6. g3 b5 7. Bg2 Bb7 8. 0-0 d6 9. f4 Nd7 10. a3 Ngf6 11. Qe2 Rc8 12. Bd2 Qc4 13. Be3 Qxe2 14. Ndxe2 Nc5 15. Bxc5 Rxc5 16. Rae1 Be7 17. Nc1 Nd7 18. Nd3 Rc7 19. e5 Bxg2 20. Kxg2 0-0 21. Rf2 dxe5 22. Nxe5 Nxe5 23. Rxe5 Bf6 24. Ree2 Bxc3 25. bxc3 Rxc3 26. Rf3 Rfc8 27. Rd3 Rxd3 28. cxd3 Rc3 29. a4 bxa4 30. Rd2 a3 31. d4 Rb3 32. Kh3 Kf8 33. Rc2 Rb4 34. Ra2 Ra4 35. Kg4 Ke7 36. Kf3 Kd6 37. Ke4 Kc6 38. Kd3 Kb5 39. Kc3 Rc4+ 40. Kd3 Kb4 41. Ra1 Rc3+ 42. Kd2 Rb3 0-1

[Event "Klatovy op-A"]
[Site "Klatovy"]
[Date "2005.07.04"]
[Round "3"]
[White "Hlavnicka, Jan"]
[Black "Paldus, Petr"]
[Result "0-1"]
[WhiteElo "2021"]
[BlackElo "2077"]
[PlyCount "126"]
[EventDate "2005.07.02"]
[EventType "swiss"]
[EventRounds "9"]
[EventCountry "CZE"]
[SourceTitle "CBM 107 Extra"]
[Source "ChessBase"]
[SourceDate "2005.09.01"]
[SourceVersion "1"]
[SourceVersionDate "2005.09.01"]
[SourceQuality "1"]

1. e4 e5 2. Nf3 Nc6 3. Bc4 Nf6 4. d3 d6 5. Nc3 Na5 6. Bg5 Nxc4 7. dxc4 h6 8. Bh4 g5 9. Bg3 Nh5 10. Qd2 c6 11. 0-0-0 Qa5 12. Kb1 Be6 13. Qd3 a6 14. Nd2 b5 15. Nb3 Qc7 16. Nd2 Be7 17. Ne2 Qb6 18. f3 Qc5 19. b3 Nf4 20. Bxf4 exf4 21. Nd4 Bf6 22. Nxe6 fxe6 23. Rhe1 Be5 24. c3 Qa3 25. Qc2 Ke7 26. Re2 c5 27. Rc1 Rhb8 28. Qb2 Qxb2+ 29. Kxb2 b4 30. Nb1 a5 31. Kc2 a4 32. cxb4 Rxb4 33. Nd2 axb3+ 34. axb3 Ra2+ 35. Kd3 Rb2 36. Rc2 Rxc2 37. Kxc2 Rb7 38. Nb1 Ra7 39. h3 Kf6 40. Nc3 Bxc3 41. Kxc3 h5 42. Rd2 Ke5 43. Kd3 Rg7 44. Ke2 g4 45. hxg4 hxg4 46. Kf2 g3+ 47. Ke2 Ra7 48. Kd3 Ra1 49. Kc3 Rf1 50. Kd3 Rf2 51. Rxf2 gxf2 52. Ke2 Kd4 53. Kxf2 Kc3 54. e5 dxe5 55. Ke2 Kxb3 56. Kd3 Kb4 57. Ke4 Kxc4 58. Kxe5 Kd3 59. Kxf4 c4 60. g4 c3 61. g5 c2 62. Ke5 c1Q 63. f4 Qe3+ 0-1

[Event "Klatovy op-A"]
[Site "Klatovy"]
[Date "2001.??.??"]
[Round "?"]
[White "Hlavnicka, Jan"]
[Black "Hejlik, R."]
[Result "1-0"]
[WhiteElo "1880"]
[BlackElo "1880"]
[PlyCount "93"]
[EventDate "2001.07.??"]
[EventType "swiss"]
[EventRounds "9"]
[EventCountry "CZE"]
[SourceTitle "EXT 2006"]
[Source "ChessBase"]
[SourceDate "2005.11.24"]
[SourceVersion "1"]
[SourceVersionDate "2005.11.24"]
[SourceQuality "1"]

1. e4 d5 2. exd5 Qxd5 3. Nc3 Qd8 4. Nf3 Bg4 5. h3 Bh5 6. g4 Bg6 7. Bg2 Nd7 8. d3 c6 9. Bf4 e6 10. Qd2 h6 11. 0-0-0 Ngf6 12. Rde1 Bb4 13. a3 Ba5 14. Nd4 0-0 15. Nb3 Nd5 16. Bxd5 Bxc3 17. Qxc3 cxd5 18. h4 Rc8 19. Qd2 Qb6 20. Kb1 f6 21. Reg1 e5 22. Bh2 Kf7 23. f4 exf4 24. Bxf4 Ne5 25. Bxe5 fxe5 26. h5 Bh7 27. g5 Ke7 28. Re1 Rf5 29. gxh6 gxh6 30. Qh2 Qf6 31. Nd4 Rf4 32. Nb5 Kd8 33. Nc3 Rc5 34. Rhg1 d4 35. Ne2 Rf5 36. Qg2 Kc8 37. Qe4 Rc7 38. Qg4 Kb8 39. Nxd4 exd4 40. Qg3 Qf7 41. Qd6 a6 42. Qxd4 Rf2 43. Rg7 Qxg7 44. Qxf2 Qd7 45. Qf8+ Ka7 46. Qxh6 Rxc2 47. Qe3+ 1-0

[Event "Klatovy op-A"]
[Site "Klatovy"]
[Date "2001.??.??"]
[Round "?"]
[White "Hlavnicka, Jan"]
[Black "Stolba, Milos"]
[Result "0-1"]
[WhiteElo "1880"]
[BlackElo "2095"]
[PlyCount "112"]
[EventDate "2001.07.??"]
[EventType "swiss"]
[EventRounds "9"]
[EventCountry "CZE"]
[SourceTitle "EXT 2006"]
[Source "ChessBase"]
[SourceDate "2005.11.24"]
[SourceVersion "1"]
[SourceVersionDate "2005.11.24"]
[SourceQuality "1"]

1. e4 c5 2. Nf3 Nc6 3. Nc3 d6 4. d4 cxd4 5. Nxd4 Nf6 6. Be3 g6 7. Qd2 Ng4 8. Bg5 h6 9. Bh4 Bg7 10. Nb3 Be6 11. h3 Nge5 12. Nd5 g5 13. Bg3 Ng6 14. c3 Nce5 15. Nd4 Bxd5 16. exd5 a6 17. Be2 Qc7 18. Bh5 Qc4 19. Bxg6 Nxg6 20. Nf5 Qe4+ 21. Ne3 Nf4 22. 0-0 Qd3 23. Qxd3 Nxd3 24. Rab1 Rc8 25. Rfd1 Nf4 26. Kf1 Be5 27. Nf5 Kd7 28. Re1 Nd3 29. Re3 Nf4 30. Rd1 Rc5 31. Bxf4 gxf4 32. Re4 e6 33. dxe6+ fxe6 34. Nd4 Rd5 35. c4 Rxd4 36. Rdxd4 Bxd4 37. Rxd4 e5 38. Rd1 Ke6 39. Ke2 Rc8 40. b3 b5 41. Rd2 bxc4 42. bxc4 Rxc4 43. Kf3 h5 44. Rb2 Rc3+ 45. Ke2 Ra3 46. Rd2 e4 47. Rb2 Ke5 48. Rc2 f3+ 49. Kf1 fxg2+ 50. Kxg2 d5 51. Rb2 d4 52. Rd2 Kd5 53. Re2 d3 54. Rd2 Kd4 55. Kf1 Kc3 56. Ke1 Ra5 0-1

[Event "Klatovy op-A"]
[Site "Klatovy"]
[Date "2001.??.??"]
[Round "?"]
[White "Stastny, Pavel"]
[Black "Hlavnicka, Jan"]
[Result "1-0"]
[WhiteElo "2010"]
[BlackElo "1880"]
[PlyCount "49"]
[EventDate "2001.07.??"]
[EventType "swiss"]
[EventRounds "9"]
[EventCountry "CZE"]
[SourceTitle "EXT 2006"]
[Source "ChessBase"]
[SourceDate "2005.11.24"]
[SourceVersion "1"]
[SourceVersionDate "2005.11.24"]
[SourceQuality "1"]

1. d4 d5 2. Nf3 c5 3. g3 Nc6 4. Bg2 e6 5. 0-0 Nf6 6. c4 dxc4 7. Qa4 Bd7 8. dxc5 Na5 9. Qc2 Bxc5 10. Ne5 Bb5 11. Nc3 Qb6 12. Na4 Qc7 13. Nxc5 Qxc5 14. Qc3 Nc6 15. Be3 Qd6 16. Nxc4 Qe7 17. a4 Bxc4 18. Qxc4 Rc8 19. Rfc1 Nd7 20. Qb5 Nde5 21. Bxa7 f6 22. Bc5 Qd7 23. Rd1 Qc7 24. Bd6 Qa5 25. Qxb7 1-0